आदिविद्रोही तिलका मांझी : (Record no. 214318)

MARC details
000 -LEADER
fixed length control field 00770nam a2200193 4500
010 ## - LCCN (DPL NO)
LC control number HIN-130869
020 ## - INTERNATIONAL STANDARD BOOK NUMBER
International Standard Book Number 9789362876430
Terms of availability 299.00
035 ## - SYSTEM CONTROL NUMBER
System control number HN-103215
037 ## - SOURCE OF ACQUISITION
Source of stock number/acquisition DBAD
082 ## - DEWEY DECIMAL CLASSIFICATION NUMBER
Classification number 954.04
100 ## - MAIN ENTRY--PERSONAL NAME
Personal name घनश्याम
245 ## - TITLE STATEMENT
Title आदिविद्रोही तिलका मांझी :
Statement of responsibility, etc घनश्याम
Remainder of title हुलगुलान के शहीद श्रृंखला-1
250 ## - EDITION STATEMENT
Edition statement
260 ## - PUBLICATION, DISTRIBUTION, ETC. (IMPRINT)
Place of publication, distribution, etc नई दिल्ली
Name of publisher, distributor, etc वाणी प्रकाशन
Date of publication, distribution, etc 2025
270 ## - ADDRESS
Address 4695,21-ए, दरियागंज,
City नई दिल्ली
Postal code 110002
300 ## - PHYSICAL DESCRIPTION
Extent 99पृ.
Dimensions 22सेमी (सजिल्द)
490 ## - SERIES STATEMENT
Series statement 1
942 ## - ADDED ENTRY ELEMENTS (KOHA)
Source of classification or shelving scheme Dewey Decimal Classification
Item type Hindi Books
Classification part 954.04
Call number suffix घनश्या
Holdings
Withdrawn status Lost status Not for loan Collection code Home library Current library Date acquired Source of acquisition Cost, normal purchase price Full call number Barcode Copy number Cost, replacement price Koha item type
      Non-fiction Central Jail Tihar Central Jail Tihar 20/01/2026 DBAD 299.00 954.04 घनश्या HN-103215 1 299.00 Hindi Books

© Delhi Public Library
Hit Counter
free hit counter